| 000 | 00477 a2200157 4500 | ||
|---|---|---|---|
| 999 |
_c9496 _d9496 |
||
| 020 | _a0702109339 | ||
| 050 | 0 | 0 | _aKTL843 MCQ 1978 |
| 100 | 1 |
_aMcQuoid-Mason, David Jan. _eauthor |
|
| 245 | 1 | 4 |
_aThe law of privacy in South Africa / _cby David Jan McQuoid-Mason. |
| 264 |
_aCape Town : _bJuta & Co. _c1978. |
||
| 300 | _axl, 272 p. ; | ||
| 500 | _aIncludes index | ||
| 504 | _aIncludes bibliographical references | ||
| 650 | 0 | _aPrivacy, Right of | |
| 942 |
_2lcc _cBK _h843 _iMCQ _kKTL |
||